000 00711nam a22002057a 4500
005 20100814134637.0
010 _aENG-100294
020 _a9788189884772
_c295.00
035 _aEN-83826
037 _bDBAD/PUB
082 _a613.9071
100 _aTarshi
_914418
245 _aThe yellow book a parent's guide to sexuality eduction /
_cby Tarshi
260 _aNew Delhi
_bZubaan
_c2010
270 _a128B Shapur Jat Ist Floor
_bNew Delhi
_e110049
300 _a184p
_c21cm(pbk)
500 _aIncludes index
942 _2ddc
_cEN
_h613.9071
_mTAR
999 _c41889
_d41889